000 01054nam a2200325Ia 4500
001 57389
003 CO-BoRNBP
005 20250625143659.0
007 ta
008 170322s2007 ck a g00 0 und dj s
020 _a9789586155663
040 _aCO-BoRNBP
_bspa
_erda
_cCO-BoRNBP
041 _aspa
084 _aC OLA1
100 _aOlaizola Sarria, JoséLuis
_d1927-
_960540
245 1 3 _aEl gato chino
_cJoséLuis Olaizola ; ilustrado por Roser Ríus
250 _a1a. edición., 7a reimpresión
264 _aBogotá
_bEducar
_c2007
300 _a48 páginas
_bilustraciones
_c18 cm
336 _atexto
_btxt
_2rdacontent
337 _asin mediación
_bn
_2rdamedia
338 _avolumen
_bnc
_2rdacarrier
490 _aAlas de papel : primeros lectores
650 1 0 _aCuentos infantiles españoles.
_2LEMB
_9725
650 1 7 _aLiteratura infantil española
_2LEMB
_9726
650 1 0 _aRelación hombre
_xanimal en la literatura
_2LEMB
_960541
650 1 7 _aGatos en la literatura
_2LEMB
_92427
700 _aRíus, Roser
_960542
942 _2loc
_cBKLIT
999 _c57389
_d57389